Nalopākhyānam ; (Record no. 69465)
[ view plain ]
| 000 -LEADER | |
|---|---|
| fixed length control field | 00991cam a22002651 4500 |
| 001 - CONTROL NUMBER | |
| control field | sa 66004511 |
| 003 - CONTROL NUMBER IDENTIFIER | |
| control field | DLC |
| 005 - DATE AND TIME OF LATEST TRANSACTION | |
| control field | 20260227112243.0 |
| 008 - FIXED-LENGTH DATA ELEMENTS--GENERAL INFORMATION | |
| fixed length control field | 780317s1965 ii 000 0 eng |
| 010 ## - LIBRARY OF CONGRESS CONTROL NUMBER | |
| LC control number | sa 66004511 |
| 035 ## - SYSTEM CONTROL NUMBER | |
| System control number | (OCoLC)3726456 |
| 040 ## - CATALOGING SOURCE | |
| Original cataloging agency | DLC |
| Transcribing agency | NcCU |
| Modifying agency | OCoLC |
| -- | DLC |
| 041 0# - LANGUAGE CODE | |
| Language code of text/sound track or separate title | engsan |
| 042 ## - AUTHENTICATION CODE | |
| Authentication code | premarc |
| 050 00 - LIBRARY OF CONGRESS CALL NUMBER | |
| Classification number | PK3631 |
| Item number | .N3 1965 |
| 130 0# - MAIN ENTRY--UNIFORM TITLE | |
| Uniform title | Mahābhārata. |
| Name of part/section of a work | Nalopākhyāna. |
| Language of a work | English & Sanskrit. |
| 245 10 - TITLE STATEMENT | |
| Title | Nalopākhyānam ; |
| Remainder of title | story of Nala, |
| Statement of responsibility, etc. | an episode of the MahāB̄hārata. The Sanskrit text, with a copious vocabulary and an improved version of Dean Milman's translation, by Monier Williams. |
| 250 ## - EDITION STATEMENT | |
| Edition statement | [1st Indian ed.] |
| 260 ## - PUBLICATION, DISTRIBUTION, ETC. | |
| Place of publication, distribution, etc. | Varanasi, |
| Name of publisher, distributor, etc. | The Chowkhamba Sanskrit Series Office, |
| Date of publication, distribution, etc. | 1965. |
| 300 ## - PHYSICAL DESCRIPTION | |
| Extent | xvi, 330 p. |
| Dimensions | 25 cm. |
| 440 #4 - SERIES STATEMENT/ADDED ENTRY--TITLE | |
| Title | The Chowkhamba Sanskrit studies, |
| Volume/sequential designation | v. 53 |
| 500 ## - GENERAL NOTE | |
| General note | English and Sanskrit; pref. in English. |
| 700 1# - ADDED ENTRY--PERSONAL NAME | |
| Personal name | Milman, Henry Hart, |
| Dates associated with a name | 1791-1868. |
| 700 1# - ADDED ENTRY--PERSONAL NAME | |
| Personal name | Monier-Williams, Monier, |
| Titles and other words associated with a name | Sir, |
| Dates associated with a name | 1819-1899. |
No items available.